| 000 | 00831nac a22002411u 4500 | ||
|---|---|---|---|
| 010 | _a 82004120 | ||
| 020 | _a0443027242 (pbk.) : | ||
| 082 | 0 | 0 |
_a616.042 _bEm362 |
| 090 |
_c3540 _d3540 |
||
| 100 | _aEmery, Alan E. H. | ||
| 245 | 1 | 0 |
_aElements of medical genetics / _cAlan E.H. Emery. |
| 250 | _a6th ed. | ||
| 260 |
_aEdinburgh ; _aNew York : _bChurchill Livingstone, _c1983. |
||
| 300 |
_a283 p. : _bill. ; _c22 cm. |
||
| 500 | _aDonations. | ||
| 500 | _aDonations - Bibliotheca Alexandrina. | ||
| 504 | _aIncludes bibliographies and index. | ||
| 650 | 0 | _aMedical genetics. | |
| 650 | 0 | _aGenetics, Medical. | |
| 650 | 0 | _aHereditary diseases. | |
| 942 |
_cBB _k616.042Em362 |
||
| 999 |
_c3540 _d3540 |
||